000 00291nam a22001337a 4500
008 171104b xxu||||| |||| 00| 0 eng d
020 _a9781582975412
041 _aeng
080 _a339.138
100 _a61
101 _aSHTJ
245 _aWRITER'S MARKET
_cMACOMBER, D
942 _2udc
_cBK
999 _c37599
_d37599